000 00327nam a2200133Ia 4500
005 20251222143258.0
008 251222s9999||||xx |||||||||||||| ||spa||
020 _a84-01-01212-0
082 _a306.342/S68
100 _aSoros, George
245 0 _aLa Crisis del Capitalismo Global:
264 _bPlaza & Janés
942 _cLIB
999 _c15228
_d15228